GJEOMATIKA & GJEINFORMATIKA (Record no. 58597)
[ view plain ]
| 000 -LEADER | |
|---|---|
| fixed length control field | 00325nam a22001457a 4500 |
| 008 - FIXED-LENGTH DATA ELEMENTS--GENERAL INFORMATION | |
| fixed length control field | 221018b ||||| |||| 00| 0 eng d |
| 020 ## - INTERNATIONAL STANDARD BOOK NUMBER | |
| International Standard Book Number | 9789951550499 |
| 041 ## - LANGUAGE CODE | |
| Language code of text/sound track or separate title | eng |
| 080 ## - UNIVERSAL DECIMAL CLASSIFICATION NUMBER | |
| Universal Decimal Classification number | 721 |
| 082 ## - DEWEY DECIMAL CLASSIFICATION NUMBER | |
| Classification number | 721 MAL |
| 100 ## - Rafti | |
| Rafti | 20.1 |
| 101 ## - Shkurtesa | |
| Shkurtesa | GJEO |
| 245 ## - TITLE STATEMENT | |
| Title | GJEOMATIKA & GJEINFORMATIKA |
| Statement of responsibility, etc | EDON MALIQI |
| 942 ## - ADDED ENTRY ELEMENTS (KOHA) | |
| Source of classification or shelving scheme | |
| Item type | Books |
| Withdrawn status | Lost status | Source of classification or shelving scheme | Damaged status | Not for loan | Collection code | Permanent location | Current location | Date acquired | Total Checkouts | Full call number | Barcode | Date last seen | Price effective from | Koha item type |
|---|---|---|---|---|---|---|---|---|---|---|---|---|---|---|
| Koleksioni i përgjithshem | UBT - Lipjan | UBT - Lipjan | 10/18/2022 | 721 MAL | 002-800028700260200 | 10/18/2022 | 10/18/2022 | Books | ||||||
| Koleksioni i përgjithshem | UBT - Lipjan | UBT - Lipjan | 10/18/2022 | 721 MAL | 002-800028700260201 | 10/18/2022 | 10/18/2022 | Books | ||||||
| Koleksioni i përgjithshem | UBT - Lipjan | UBT - Lipjan | 10/18/2022 | 721 MAL | 002-800028700260202 | 10/18/2022 | 10/18/2022 | Books | ||||||
| Koleksioni i përgjithshem | UBT - Lipjan | UBT - Lipjan | 11/17/2022 | 721 CAD | 002-800028700260697 | 11/17/2022 | 11/17/2022 | Books | ||||||
| Koleksioni i përgjithshem | UBT - Lipjan | UBT - Lipjan | 11/17/2022 | 721 CAD | 002-800028700260698 | 11/17/2022 | 11/17/2022 | Books | ||||||
| Koleksioni i përgjithshem | UBT - Lipjan | UBT - Lipjan | 11/17/2022 | 721 CAD | 002-800028700260699 | 11/17/2022 | 11/17/2022 | Books | ||||||
| Koleksioni i përgjithshem | UBT - Lipjan | UBT - Lipjan | 11/17/2022 | 721 CAD | 002-800028700260700 | 11/17/2022 | 11/17/2022 | Books | ||||||
| Koleksioni i përgjithshem | UBT - Lipjan | UBT - Lipjan | 11/17/2022 | 721 CAD | 002-800028700260701 | 11/17/2022 | 11/17/2022 | Books |